| 000 | 00744nam a22002297a 4500 | ||
|---|---|---|---|
| 005 | 20260609145004.0 | ||
| 010 | _aENG-148798 | ||
| 020 |
_a9789364442558 _c795.00 |
||
| 035 | _aEN-132330 | ||
| 037 | _bDBAD | ||
| 082 |
_23 _a519.5 |
||
| 100 | _aJaggia, Sanjiv | ||
| 245 |
_aEssentials of Business Statistics Using Excel/ _cSanjiv Jaggia...[et.al] |
||
| 250 | _a3 | ||
| 260 |
_aChennai _bMcGraw Hill Education India Pvt Ltd _c2026 |
||
| 270 |
_a5/90 Anjana Complex, Butt Road, St. Thomas Mount _bChennai _e600016 |
||
| 300 |
_a448p. _c28cm(pb) _bIndex |
||
| 700 |
_aKelly, Alison _eAuthor _989330 |
||
| 700 |
_aSachan, Amit _eAuthor _974645 |
||
| 700 |
_aSengupta Tuhin _eAuthor _989331 |
||
| 942 |
_2ddc _cEN _h519.5 _mJAG _e3 |
||
| 999 |
_c216559 _d216559 |
||